000 00897nam a2200253Ia 4500
003 OSt
005 20220925223811.0
006 a|||||r|||| 00| 0
007 ta
008 220923b |||||||| |||| 00| 0 eng d
020 _a9780415624077
_c6144.8599999999997
037 _bBBS/86, 29/01/2013, Better Book Service
_cGeneral Book
040 _aRTL
_cRTL
_beng
041 _2eng
_aeng
082 _aX9(J)Og(D2).2, Q3
100 _aKUMAR M Dinesh
_9233716
245 0 _aWater management, food security and sustainable agriculture in developing economies.
260 _aLondon
_bRoutledge
_c2013
300 _axix, 233p. Bibliography chapterwise
_ccm.
490 _aEarthscan studies in water resource management
650 _aGeography
942 _hX9(J)Og(D2).2, Q3
_cGB
_2CC
999 _c580420
_d580420